000
00348nam a22001337a 4500
003
SGT
020
_a
9788194881865
082
_a
080
_b
A21M
100
_a
मिश्र, मनोज कुमार
245
_a
अपनों का संघर्ष
260
_b
शशि प्रकाशन
_c
2021
300
_a
112
942
_2
ddc
_c
BK
999
_c
31622
_d
31622